000 00405cam a22001337a 4500
008 180718b2002 xxu||||| |||| 00| 0 eng d
020 _a8179860051
082 _aA6x5411 T738
100 _aTripathi, Chandra Dhar
245 _aAspects of the medieval history of Assam
_cby Chandra Dhar Tripathi
260 _aShimla
_bIndian Institute of Advanced Study
_c2002
300 _a76p.
650 _aAssam - History
999 _c399366
_d399366